000 00869nam a2200181Ia 4500
008 090124s9999 xx 000 0 und d
082 _b109916
100 _aप्रफुल्लदत्त ( तेंडुलकर दत्तात्रय विष्णू )
245 _a अनंताच्या आराधनेत आणि यज्ञ
250 _a1
260 _c1962
300 _a94
600 _aप्रफुल्लदत्त ( तेंडुलकर दत्तात्रय विष्णू )
630 _a अनंताच्या आराधनेत आणि यज्ञ
700 _aप्रफुल्लदत्त ( तेंडुलकर दत्तात्रय विष्णू )
730 _a अनंताच्या आराधनेत आणि यज्ञ
942 _cBOOK
999 _c156007
_d156007